Reglamento de la Sociedad Malagueña de Ciencias, Físicas y Naturales. (Record no. 183610)

MARC details
000 -LEADER
campo de control de longitud fija 00419nam a2200133 i 4500
001 - NÚMERO DE CONTROL
campo de control 183610
003 - IDENTIFICADOR DE NÚMERO DE CONTROL
campo de control ES-MaACL
005 - FECHA Y HORA DE LA ÚLTIMA TRANSACCIÓN
campo de control 20230906221930.0
008 - DATOS DE LONGITUD FIJA--INFORMACIÓN GENERAL
campo de control de longitud fija 140904s1904 sp |||| | spa d
110 0# - ENTRADA PRINCIPAL--NOMBRE DE ENTIDAD CORPORATIVA
Nombre de entidad corporativa o nombre de jurisdicción como elemento de entrada Sociedad Malagueña de Ciencias Físicas y Naturales.
9 (RLIN) 6789
245 10 - MENCIÓN DEL TÍTULO
Título Reglamento de la Sociedad Malagueña de Ciencias, Físicas y Naturales.
260 ## - PUBLICACIÓN, DISTRIBUCIÓN, ETC.
Lugar de publicación, distribución, etc. Málaga :
Nombre del editor, distribuidor, etc. [s.n.],
Fecha de publicación, distribución, etc. 1904.
852 1# - LOCALIZACIÓN
Ubicación BA
Número de control de estantería T-1045-F-7
Holdings
Estatus retirado Estado de pérdida Estado de daño No para préstamo Colección Biblioteca de origen Biblioteca actual Ubicación en estantería Fecha de adquisición Fuente de adquisición Total de préstamos Signatura topográfica completa Código de barras Visto por última vez Precio de reemplazo Tipo de ítem Koha
        Colección de folletos Biblioteca del Ateneo de Madrid Biblioteca del Ateneo de Madrid Depósito folletos 04/09/2014     T-1045-F-7 1193017 23/02/2023 23/02/2023 Folleto